Normal view
MARC view
- الحسين بن طلال، ملك الأردن، 1952 - 1999؛ اشراف الديوان الملكي الهاشمي؛ إعداد وتحرير بكر خازر المجالي؛ المتابعة والتنسيق منتهى قبلان العبداللات، المتابعة والتنسيق جنان زكي أبو زياد
Entry Personal Name
001 - CONTROL NUMBER
- control field: 53367
003 - CONTROL NUMBER IDENTIFIER
- control field: JO-AjAnu
005 - DATE AND TIME OF LATEST TRANSACTION
- control field: 20230606082751.0
008 - FIXED-LENGTH DATA ELEMENTS
- fixed length control field: 230606|| aca||aabn | a|a d
040 ## - CATALOGING SOURCE
- Original cataloging agency: JO-AjAnu
- Transcribing agency: JO-AjAnu
100 ## - HEADING--PERSONAL NAME
- Personal name: الحسين بن طلال، ملك الأردن، 1952 - 1999؛ اشراف الديوان الملكي الهاشمي؛ إعداد وتحرير بكر خازر المجالي؛ المتابعة والتنسيق منتهى قبلان العبداللات، المتابعة والتنسيق جنان زكي أبو زياد
670 ## - SOURCE DATA FOUND
- Source citation: Work cat.: (JO-AjAnu)27264: الحسين بن طلال، ملك الأردن، 1952 - 1999؛ اشراف الديوان الملكي الهاشمي؛ إعداد وتحرير بكر خازر المجالي؛ المتابعة والتنسيق منتهى قبلان العبداللات، المتابعة والتنسيق جنان زكي أبو زياد, author, خطب العرش السامي لصاحب الجلالة الهاشمية المغفورالملك الحسين بن طلال طيب الله ثراه 1388-1419هجري/1968-1998م، الجزء الثاني